Spieler des BVB seit 2000 - Statistiken

Allgemein
  • Dieses Quiz wurde 535 mal gespielt
  • Das Durchschnittsergebnis liegt bei 75 aus 161
Antwortstatistiken
Spiele für den BVB Saisons Position Nationalität Antwort % Korrekt
294 2012-2024 Mittelfeld DEU Marco Reus
99%
367 2008-20162019- Abwehr DEU Mats Hummels
99%
349 2002-2018 Tor DEU Roman Weidenfeller
97%
83 2021- aktiv Tor CH Gregor Kobel
91%
67 2020-2022 Angriff NOR Erling Braut Haaland
90%
131 2010-2014 Angriff POL Robert Lewandowski
90%
118 2008-20212024-aktiv Mittelfeld ENG Jadon Sancho
89%
157 2009-20132016-2020 Mittelfeld DEU Mario Götze
88%
144 2013-2018 Angriff GAB Pierre-Emerick Aubameyang
87%
176 2015-2022 Tor CH Roman Bürki
87%
223 2005-20112013-2018 Mittelfeld TUR / DEU Nuri Sahin
86%
92 2020-2023 Mittelfeld ENG Jude Bellingham
84%
258 2008-2022 Abwehr DEU Marcel Schmelzer
83%
61 2022- aktiv Abwehr DEU Nico Schlotterbeck
83%
148 2010-20122014-2019 Mittelfeld JAP Shinji Kagawa
83%
322 1998-2011 Abwehr BRA Dede
82%
116 2020- aktiv Mittelfeld DEU Emre Can
81%
159 2019- aktiv Mittelfeld DEU Julian Brandt
81%
52 2022- aktiv Abwehr DEU Niklas Süle
81%
271 2002-2015 Mittelfeld DEU Sebastian Kehl
81%
196 2008-2018 Abwehr SRB /USA Neven Subotic
80%
197 2007-2015 Mittelfeld POL Jakub „Kuba“ Blaszczykowski
77%
105 2018-2022 Mittelfeld BEL Axel Witsel
75%
90 2019- aktiv Mittelfeld USA Giovanni Reyna
75%
264 2010-2021 Abwehr POL Lukasz Piszczek
74%
24 2023- aktiv Mittelfeld AUT Marcel Sabitzer
74%
90 2016-2019 Mittelfeld USA Christian Pulisic
73%
301 1993-2007 Mittelfeld DEU Lars Ricken
73%
176 2009-2015 Mittelfeld DEU Kevin Großkreutz
72%
162 2016-2023 Abwehr POR Raphael Guerreiro
72%
80 2021- aktiv Angriff NED Donyell Malen
71%
130 2013-2018 Abwehr GRE Sokratis
70%
38 2023- aktiv Abwehr NOR Julian Ryerson
69%
32 2016- 2017 Angriff FRA Ousmane Dembele
69%
37 2018- 2020 Angriff ESP Paco Alcacer
69%
54 2018- 2020 Abwehr MAR Achraf Hakimi
68%
44 2022- aktiv Mittelfeld ENG Jamie Bynoe-Gittens
68%
83 2009-2012 Angriff PAR Lucas Barrios
68%
162 2009-2017 Mittelfeld DEU Sven Bender
68%
15 2022- aktiv Tor DEU Alexander Meyer
67%
137 2001-2006 ANG CZE Jan Koller
67%
27 2018- 2022 Tor CH Marwin Hitz
67%
29 2023- aktiv Angriff DEU Niclas Füllkrug
67%
87 2019-2023 Mittelfeld BEL Thorgan Hazard
66%
24 2014- 2015 Angriff ITA Ciro Immobile
65%
105 2011-2016 Mittelfeld DEU Ilkay Gündogan
65%
45 2022- aktiv Angriff DEU Karim Adeyemi
65%
149 2001-2006 Mittelfeld CZE Tomas Rosicky
65%
19 2010- 2015 Tor AUS Mitchell Langerak
64%
33 2023- aktiv Angriff CIV Sebastien Haller
64%
12 2016- 2017 Angriff TUR Emre Mor
62%
95 2008- 2013 Abwehr BRA Felipe Santana
61%
119 2018-2022 Abwehr CHE Manuel Akanji
61%
49 2022- aktiv Mittelfeld TUR Salih Özcan
61%
56 2020- 2024 Abwehr BEL Thomas Meunier
61%
129 1999-2003 Tor DEU Jens Lehmann
60%
90 2013-2016 Mittelfeld ARM Henrikh Mkhitaryan
58%
191 1995-2002 Abwehr DEU Jürgen Kohler
58%
66 2008-2012 Angriff EGY Mohamed Zidan
58%
17 2023- aktiv Abwehr ALG Ramy Bensebaini
58%
16 2024- aktiv Abwehr NED Ian Maatsen
57%
42 2011- 2013 Mittelfeld CRO Ivan Perisic
57%
62 2018-2021 Mittelfeld DEN Thomas Delaney
55%
76 2020- aktiv Angriff DEU Youssoufa Moukoko
55%
74 2006-2009 Angriff CH Alexander Frei
54%
33 2016- 2018 Angriff DEU Andre Schürrle
53%
113 2006-2010 Angriff PAR Nelson Valdez
53%
52 2014-2017 Angriff COL Adrian Ramos
51%
228 1988-19901994-2000 Mittelfeld DEU Andreas Möller
48%
240 1999-2008 Abwehr DEU Christian Wörns
48%
64 2013- 2018 Abwehr DEU Erik Durm
48%
102 2017-2023 Mittelfeld DEU Mahmoud Dahoud
48%
59 2001- 2004 Angriff BRA Marcio Amoroso
48%
40 2019- 2023 Abwehr DEU Nico Schulz
48%
19 2022- 2023 Angriff FRA Anthony Modeste
46%
81 2005-2007 Angriff POL Euzebiusz Smolarek
46%
90 2018- 2024 Abwehr DEU Marius Wolf
46%
307 1992-2004 Mittelfeld DEU Stefan Reuter
46%
119 2001-2005 Angriff BRA Ewerthon
45%
151 2001-2012 Mittelfeld DEU Florian Kringe
45%
14 2015 Mittelfeld SLO Kevin Kampl
45%
29 2007- 2008 Angriff CRO Mladen Petric
45%
20 2023- aktiv Mittelfeld DEU Felix Nmecha
44%
67 2014-2017 Abwehr DEU Matthias Ginter
44%
35 2017- 2020 Abwehr TUR Ömer Toprak
44%
98 2006-2010 Mittelfeld BRA Tinga
44%
126 2000-2007 Abwehr DEU Christopher Metzelder
43%
116 2015-2019 Mittelfeld DEU Julian Weigl
43%
26 2007- 2009 Abwehr CRO Robert Kovac
43%
76 2008-2013 Abwehr DEU Patrick Owomoyela
42%
35 2012- 2014 Angriff DEU Julian Schieber
41%
27 2010- 2012 Mittelfeld BRA Antonio da Silva
40%
72 2015- 2018 Mittelfeld DEU Gonzalo Castro
40%
51 2011- 2016 Mittelfeld DEU Moritz Leitner
40%
47 2002-2004 Mittelfeld DEU Torsten Frings
40%
29 2017- 2020 Mittelfeld DEN Jacob Bruun Larsen
39%
38 2021-2015 Mittelfeld DEU Jonas Hofmann
39%
181 1987-2001 Tor DEU Wolfgang de Beer
39%
51 2008- 2010 Mittelfeld HUN Tamas Hajnal
38%
123 1999-2005 Mittelfeld BRA Evanilson
37%
18 2017- 2018 Angriff UKR Andrij Jarmolenko
36%
67 2017-2022 Abwehr FRA Dan-Axel Zagadou
36%
10 2009 Mittelfeld GHA Kevin-Prince Boateng
36%
20 2014- 2015 Mittelfeld SRB Milos Jojic
36%
68 2005-2008 Abwehr CH Philipp Degen
36%
14 2016-2019 Mittelfelld DEU Sebastian Rode
36%
31 2016- 2018 Abwehr ESP Marc Bartra
35%
75 2002- 2006 Mittelfeld DEU David Odonkor
34%
38 2007- 2008 Angriff ARG Diego Klimowicz
34%
62 2005-2009 Angriff ZA Delron Buckley
33%
32 2007- 2009 Mittelfeld DEU Giovanni Federico
33%
56 1999- 2002 Angriff DEU Fredi Bobic
32%
98 2004-2008 Mittelfeld DEU Marc-Andre Kruska
32%
25 2006- 2007 Mittelfeld ZA Steven Pienaar
32%
34 2016- 2023 Abwehr DEU Felix Passlack
31%
86 2003-2008 Mittelfeld DEU Markus Brzenska
31%
21 2019- 2024 Abwehr ESP Mateu Morey
31%
27 2020- 2022 Mittelfeld BRA Reinier
31%
11 2013- 2014 Abwehr DEU Manuel Friedrich
29%
23 2007- 2010 Tor DEU Marc Ziegler
29%
36 1998- 2000 Angriff BIH Sergej Barbarez
29%
34 2006- 2008 Abwehr DEU Martin Amedick
27%
38 2017- 2019 Angriff DEU Maximilian Philipp
27%
19 2008 Abwehr SRB Antonio Rukavina
26%
132 1995-2004 Angriff DEU Heiko Herrlich
26%
144 1996-19982000-2003 Mittelfeld DEU Jörg Heinrich
26%
10 2018 Angriff BEL Michy Batshuayi
26%
75 1999-2005 Mittelfeld GHA Otto Addo
26%
28 2018- 2019 Abwehr FRA Abdou Diallo
25%
53 2000-2005 Mittelfeld NIG Sunday Oliseh
24%
84 1999-2004 Angriff DEU / ITA Giuseppe Reina
21%
43 2003-2005 Abwehr DEN Niclas Jensen
21%
18 2012- 2015 Abwehr DEU Oliver Kirch
20%
76 1994-2000 Mittelfeld RUS Wladimir But
20%
33 2001- 2005 Abwehr CIV Guy Demel
19%
17 2021- 2022 Abwehr CRO Marin Pongracic
19%
91 1999-2002 Mittelfeld SRB Miroslav Stevic
19%
11 2009- 2012 Angriff BUL Dimitar Rangelow
16%
24 2002- 2008 Angriff DEU Sahr Senesie
16%
18 2008- 2009 Abwehr KOR Young-pyo Lee
15%
52 1994-2000 Angriff GHA Ibrahim Tanko
14%
41 1998- 2000 Abwehr DEU Karsten Baumann
13%
15 2009- 2011 Mittelfeld DEU Markus Feulner
12%
15 2020- 2022 Angriff DEU Steffen Tigges
12%
30 1999- 2002 Angriff NIG Victor Ikpeba
12%
56 2001- 2005 Abwehr ALG Ahmed Madouni
11%
25 2003- 2005 Tor FRA Guillaume Warmuz
11%
24 2001- 2003 Angriff NOR Jan Derek Sorensen
11%
16 2017- 2019 Abwehr DEU Jeremy Toljan
11%
57 1996-2000 Abwehr AUT Wolfgang Feiersinger
11%
59 1998-2001 Abwehr DEU Christian Nerlinger
10%
28 2003- 2005 Abwehr NOR Andre Bergdolmo
9%
45 2003- 2006 Angriff DEU / ITA Salvatore Gambino
9%
17 2005- 2007 Angriff GHA Matthew Amoah
8%
61 1998-2001 Abwehr NED Alfred Nijhuis
7%
14 2001- 2005 Abwehr ARG Juan Ramon Fernandez
7%
14 2003- 2004 Mittelfeld BRA Flavio Conceicao
5%
12 2002- 2004 Mittelfeld BRA Leandro
5%
10 2005- 2006 Tor NED Dennis Gentenaar
4%
11 2005- 2007 Mittelfeld DRK Kosi Saka
4%
20 1996- 200 Angriff USA Jovan Kirovski
1%
Keine übereinstimmenden Quizze gefunden
Verteilung der Resultate
Anzahl Personen mit jedem Resultat
Perzentil nach korrekt beantworteten Fragen
Ihre Resultats-Entwicklung
Sie haben dieses Quiz noch nicht gespielt